000 00574nam a22001937a 4500
005 20251108170748.0
008 250721s1996 xx 000 0 ara d
020 _a9770093637
082 1 4 _aط/ 214.2
100 1 _aأبو دنيا، محمد حسن
245 1 0 _aأسماء الله الحسنى للأطفال /
264 1 _aالقاهرة :
_bمكتبة بسام،
_c1996.
300 _aج.1
650 1 7 _aالأسماء الحسنى
650 1 7 _aالله
653 _aأطفال مرحلة متوسطة(6-9 سنوات)
942 _2ddc
_cBK
999 _c48405
_d48405